LIBRARY & INFORMATION CENTRE, KCAET, TAVANUR

ONLINE PUBLIC ACCESS CATALOGUE (OPAC)

British rule in India and after / (Record no. 263)

MARC details
000 -LEADER
fixed length control field 00510cam a2200205ua 4500
041 ## - LANGUAGE CODE
Language code of text/sound track or separate title eng
082 ## - DEWEY DECIMAL CLASSIFICATION NUMBER
Classification number 954.03
Item number MAH/BR
100 ## - MAIN ENTRY--AUTHOR NAME
Personal name Mahajan, V D .
245 ## - TITLE STATEMENT
Title British rule in India and after /
250 ## - EDITION STATEMENT
Edition statement 6 /
260 ## - PUBLICATION, DISTRIBUTION, ETC. (IMPRINT)
Place of publication New Delhi :
Name of publisher S.Chand and Co ,
Year of publication 1964.
300 ## - PHYSICAL DESCRIPTION
Number of Pages 659 ; .
700 1# - ADDED ENTRY--PERSONAL NAME
Personal name Savithri, Mahajan .
942 ## - ADDED ENTRY ELEMENTS (KOHA)
Koha item type Books
Holdings
Withdrawn status Lost status Damaged status Home library Current library Date acquired Cost, normal purchase price Full call number Accession Number Koha item type
Withdrawn     KAUAET KAUAET 07/04/2012 10.50 954.03 7545 Books
Withdrawn   Damaged KAUAET KAUAET 07/04/2012   954.03 12154 Books
free website counter